| 000 | 00377nam a22001577a 4500 | ||
|---|---|---|---|
| 003 | SGT | ||
| 020 | _a9789354664762 | ||
| 082 |
_a611 _bB24G |
||
| 100 | _aGarg, Krishna | ||
| 245 | _aB. D. Chaurasia's Human Anatomy | ||
| 250 | _a9th ed. | ||
| 260 |
_aDelhi, India _bC. B. S. Publishers & Distributers Pvt. Ltd. |
||
| 300 | _a532 | ||
| 650 | _aAnatomy | ||
| 942 |
_2ddc _cBK _02 |
||
| 999 |
_c26794 _d26794 |
||